| 000 | 00412nam a2200145Ia 4500 | ||
|---|---|---|---|
| 008 | 220217s9999||||xx |||||||||||||| ||und|| | ||
| 020 | _a81-7515-354-7 | ||
| 082 | _a001 JEF | ||
| 100 |
_aJaffe, Eugene, D Hilbert, Stephen _93348 |
||
| 245 | 0 | _aBarron's how to prepare the GMAT | |
| 250 | _a12th | ||
| 260 |
_aGalgotia publication _bNew Delhi _c2003 |
||
| 300 | _b190 | ||
| 650 | _aEXAM BOOKS/GRE/CAT/GATE | ||
| 999 |
_c171448 _d171448 |
||